000 00715nam a2200289Ia 4500
005 20260324112707.0
008 008 260324s9999 xx 000 0 eng d
020 _a9781003485605
037 _aEBOOK
040 _aCRL
040 _beng
040 _cCRL
041 _2eng
041 _aeng
084 _qCRL
100 _aVivek D. Bhise
_91143760
245 0 _aErgonomics in the Automotive Design Process
245 0 _bAdvanced Topics, Measurements, Modeling and Research
260 _bTaylor and Francis
260 _c2024
365 _a
365 _b180
856 _uhttp://www.taylorfrancis.com/books/9781003485605
942 _cEBOOK
999 _c1733064
_d1733064